000 00955 a2200349 4500
001 76128
020 _a9788576863274
041 _apor
090 _aYear 8 [Fic]
092 _a2013005696
100 _aRussell, Rachel Renée.
250 _a. ed.
300 _a340 p.
490 _aDork diaries ;
697 _aDiary fiction.
697 _aMiddle schools
697 _aSchools - Fiction.
697 _aDating (Social customs) - Fiction.
697 _aFriendship - Fiction.
697 _aMiddle schools - Fiction.
697 _aDance parties
697 _aDating (Social customs)
697 _aSchool stories.
697 _aDance parties - Fiction.
697 _aFriendship
830 _aDork diaries ;
856 _u00000d/00000de6.jpg
040 _aBR-BrIDEA
_cBR-BrIDEA
245 1 0 _aHistórias de uma destruidora de corações nem um pouco feliz
_c Rachel Renée Russell
260 _a[S.l.]
_bVerus
_c2014
942 _cBK
999 _c76128
_d76128